Word Ladder: Sporty Animals Quiz Stats

Quiz Updated Dec 14, 2014

Challenge
Share
Tweet
Embed
Score 0/22 Timer 02:00
1 Play Today
Clue 4-Letter Word % Correct
Gates or ClintonBILL
94.2%
'You ____ my battleship!'SUNK
93.6%
*Chicago NBA animal*BULL
93.6%
*Chicago NFL animal*BEAR
91.5%
A window partSILL
90%
Sprite Slam ____ ShowdownDUNK
87.1%
*Milwaukee NBA animal*BUCK
86.7%
*Anaheim NHL animal*DUCK
86.5%
Rear part of the bodyBACK
86.2%
PoutSULK
84.1%
A brand of soymilkSILK
83.9%
Clue 4-Letter Word % Correct
RipTEAR
83.5%
Jethro ____TULL
81.9%
Shakespearean kingLEAR
81.9%
*Detroit NFL animal*LION
80.7%
ThinLEAN
80.2%
To cut or chopHACK
79.9%
*Atlanta NBA animal*HAWK
79.8%
Lend moneyLOAN
78.8%
AquamarineTEAL
74.8%
Poker face betrayerTELL
73.5%
A bird similar to a goose or duckLOON
71.3%

Today's Daily Dose

Missing Word
April Birthdays

Quick Pick
Signature Pinks

On This Day
April 20th II

You're not logged in!

Compare scores with friends on all Sporcle quizzes.
Sign Up with Email
OR
Log In

You Might Also Like...

Show Comments

Extras

Top Quizzes Today


Score Distribution

Your Account Isn't Verified!

In order to create a playlist on Sporcle, you need to verify the email address you used during registration. Go to your Sporcle Settings to finish the process.

Report this User

Report this user for behavior that violates our Community Guidelines.

Details: